02847nam a2200529Ia 45000010005000000080041000050100009000460410014000550820014000692450026000832600013001093000007001225200006001296300034001356300017001696300020001866500017002066900014002237000037002377000041002749010050003159020006003659030045003719040018004169050018004349060006004529070014004589080014004729090060004869100015005469110010005619120014005719130009005859140024005949150019006189160009006379170009006469180014006559190022006695201567006919210007022589220007022659230006022729240014022789420010022929990015023024490241029s9999 xx 000 0 und d a4231 aEspañol aNO APLICA 0aSumabilidad de Cesaro aSantiago a23 a5 aAdministración de Proyectos aMatemática aMejora Continua aMatemática aElaborado easesoraTavárez Rosa, Leonicio eautoraReynoso García, Asunción  a{"1":"Reynoso García"}b{"1":"Asunción "} a1 a{"1":"Tavárez Rosa"}b{"1":"Leonicio"} aMagíster en aMatemáticas a2 aNO APLICA aNO APLICA aCentro Universitario Regional de Santiago, CURSA (UASD) aNULLbNULL a["1"] aNO APLICA aNULL a17 de Enero de 2008 a04/06/15 12:06 aNULL aNULL aNO APLICA a["9","135","208"] aEl  matemático italiano Ernesto Cesaro (1854-1906) introdujo y probó que una sucesión divergente, puede ser convergente según su  método de sumabilidad. En el campo del análisis matemático, la sumación de Cesaro es un método alternativo de asignarle una suma a una serie infinita.  El objetivo general de esta investigación fue dar a conocer  que hay sucesiones divergentes  cuya correspondiente  sucesión de promedios, llamada sumabilidad de Cesaro,  es convergente. Además demostrar que toda sucesión que converge, es Cesaro uno (C, 1) sumable, y toda sucesión Cesaro uno (C, 1) sumable, es Cesaro dos (C, 2).Se tuvo entre otros propósitos, dar a conocer la sumabilidad de Cesaro como herramienta importante en las demostraciones de teoremas en el campo de la matemática.Este estudio está delimitado hasta la sumabilidad  Cesaro dos.El estudio de la sumación de Cesaro es una puerta abierta para seguir profundizando en los métodos de sumación y aplicaciones de éstos. La relevancia de la sumación de Cesaro es dar a conocer que es posible que una serie que  diverge,   sea convergente según la sumabilidad de  Cesaro. Si una  secuencia Sn convergente  a  L,   entonces  Sn  es también  (C,1) sumable a L.No  todas las  secuencias divergentes son   (C,1) sumables. Toda secuencia (C, n-1) sumable es (C, n) sumable,   n  2. La sumabilidad de Cesaro, tiene múltiples aplicaciones en las demostraciones de diversos  teoremas como: Teorema de Fejer, Teorema de Stolz-Cesaro, entre otros. a11 a11 a0 aNO APLICA cTesis c4231d4231